Quantum theory : (Record no. 29222)

000 -LEADER
fixed length control field 00398 a2200157 4500
003 - CONTROL NUMBER IDENTIFIER
control field NUST
005 - DATE AND TIME OF LATEST TRANSACTION
control field 20180118150250.0
008 - FIXED-LENGTH DATA ELEMENTS--GENERAL INFORMATION
fixed length control field 180118b xxu||||| |||| 00| 0 eng d
020 ## - INTERNATIONAL STANDARD BOOK NUMBER
International Standard Book Number 1402041896
020 ## - INTERNATIONAL STANDARD BOOK NUMBER
International Standard Book Number 9781402041891
082 04 - DEWEY DECIMAL CLASSIFICATION NUMBER
Classification number 530.12
100 1# - MAIN ENTRY--PERSONAL NAME
Personal name Manoukian, E.B.
9 (RLIN) 8725
245 10 - TITLE STATEMENT
Title Quantum theory :
Remainder of title a wide spectrum /
Statement of responsibility, etc. E.B. Manoukian.
250 ## - EDITION STATEMENT
Edition statement 1st ed.
260 ## - PUBLICATION, DISTRIBUTION, ETC.
Place of publication, distribution, etc. [S.l.] :
Name of publisher, distributor, etc. Springer,
Date of publication, distribution, etc. 2006.
300 ## - PHYSICAL DESCRIPTION
Extent 1030 p. ;
Dimensions 25 cm.
942 ## - ADDED ENTRY ELEMENTS (KOHA)
Institution code [OBSOLETE] SNS
Koha item type Book
Call number prefix 530.12 MAN
Source of classification or shelving scheme
Holdings
Withdrawn status Lost status Source of classification or shelving scheme Damaged status Not for loan Permanent Location Current Location Shelving location Date acquired Full call number Barcode Date last seen Price effective from Koha item type
        Not For Loan School of Natural Sciences (SNS) School of Natural Sciences (SNS) Reference 05/26/2016 530.12 MAN SNS0000744 05/26/2016 05/26/2016 Book
© 2023 Central Library, National University of Sciences and Technology. All Rights Reserved.